000 00573nam a2200205Ia 4500
005 20250923145948.0
008 008 250917s9999 xx 000 0 eng d
037 _aTextual
040 _aDSWL
_beng
_cDSWL
041 _aeng
_2eng
084 _aY:5.21, N94
_qDSWL
100 _aCorrea, S.
_9840767
245 0 _aPopulation and reproductive Right
_c by S. Correa
260 _aNew Delhi
_b Association With Dawan
_c1994
300 _axii,136 p.
365 _aINR
_b160.00
925 _g160.00
942 _cTEXL
_hY:5.21, N94
999 _c1457867
_d1457867